The complete PC upgrade & maintenance guide / (Record no. 66353)
[ view plain ]
| 000 -LEADER | |
|---|---|
| fixed length control field | 00789nam a2200265 a 4500 |
| 001 - CONTROL NUMBER | |
| control field | 66353 |
| 003 - CONTROL NUMBER IDENTIFIER | |
| rucl marc code | BD-RjUL |
| 005 - DATE AND TIME OF LATEST TRANSACTION | |
| control field | 20211209081529.0 |
| 008 - FIXED-LENGTH DATA ELEMENTS--GENERAL INFORMATION | |
| fixed length control field | 170315s1998 ii a 001 0 eng d |
| 020 ## - INTERNATIONAL STANDARD BOOK NUMBER | |
| International Standard Book Number | 8170299489 |
| 035 ## - SYSTEM CONTROL NUMBER | |
| System control number | (BD-RjUL)66483 |
| 040 ## - CATALOGING SOURCE | |
| Original cataloging agency | BD-RjUL |
| Transcribing agency | BD-RjUL |
| Modifying agency | BD-RjUL |
| Language of cataloging | eng |
| 041 ## - LANGUAGE CODE | |
| Language code of text/sound track or separate title | eng |
| 082 00 - DEWEY DECIMAL CLASSIFICATION NUMBER | |
| Classification number | 004.16 |
| Edition number | 23 |
| Author mark and year | MIC 1998 |
| 100 1# - MAIN ENTRY--PERSONAL NAME | |
| Personal name | Minasi, Mark. |
| 9 (RLIN) | 196368 |
| 245 14 - TITLE STATEMENT | |
| Title | The complete PC upgrade & maintenance guide / |
| Statement of responsibility, etc. | Mark Minasi. |
| 250 ## - EDITION STATEMENT | |
| Edition statement | 8th ed. |
| 260 ## - PUBLICATION, DISTRIBUTION, ETC. (IMPRINT) | |
| Place of publication, distribution, etc. | New Delhi : |
| Name of publisher, distributor, etc. | BPB Publications, |
| Date of publication, distribution, etc. | 1998. |
| 300 ## - PHYSICAL DESCRIPTION | |
| Pagination | xxxvi, 1478 p. : |
| Illustrations | ill. ; |
| Size | 24 cm. + |
| 500 ## - GENERAL NOTE | |
| General note | Includes index |
| 650 #0 - SUBJECT ADDED ENTRY--TOPICAL TERM | |
| Topical term or geographic name as entry element | Microcomputers |
| 9 (RLIN) | 181828 |
| Topical term or geographic name as entry element | Microcomputers |
| General subdivision | Maintenance and repair. |
| 9 (RLIN) | 196369 |
| Topical term or geographic name as entry element | Microcomputers |
| General subdivision | Upgrading. |
| 9 (RLIN) | 196370 |
| 942 ## - ADDED ENTRY ELEMENTS (KOHA) | |
| Source of classification or shelving scheme | Dewey Decimal Classification |
| Koha item type | Books |
| Lost status | Source of classification or shelving scheme | Damaged status | Not for loan | Collection code | Permanent Location | Current Location | Shelving location | Date acquired | Source of acquisition | Cost, normal purchase price | Total Checkouts | Full call number | Date last seen | Copy number | Koha item type |
|---|---|---|---|---|---|---|---|---|---|---|---|---|---|---|---|
| Dewey Decimal Classification | Not For Loan | Non-fiction | Central Library, University of Rajshahi | Central Library, University of Rajshahi | Rare Book Section | 14/06/1999 | Dhaka, Ankur Prakashani | 586.00 | 004.16 MIC 1998 | 15/03/2017 | C-1 | Books |